000 01374nam a2200397 i 4500
001 33194
003 KOSZ 005
005 20191220094819.0
008 980508s1998 pl a f f |000 0 pol
015 _aPB 1998/5044
020 _a8301124849
040 _aWA N
_cWA N
_dKOSZ 005/HR
046 _k1998
080 _a620.17
080 _a(075.8)
100 1 _aNiezgodziński, Michał Edward
_d(1919-2010)
_eAutor
245 1 0 _aWytrzymałość materiałów /
_cMichał E. Niezgodziński, Tadeusz Niezgodziński.
250 _aWyd. 14 zm.
260 _aWarszawa :
_bWydaw. Naukowe PWN,
_c1998.
300 _a286, [2] s. :
_brys., wykr. ;
_c24 cm.
336 _2rdacontent
_aTekst
_btxt
337 _2rdamedia
_aBez urządzenia pośredniczącego
_bn
338 _2rdacarrier
_aWolumin
_bnc
380 _aKsiążki
380 _aPublikacje dydaktyczne
385 _mPoziom nauczania
_aSzkoły wyższe
388 _a1901-2000
650 4 _aWytrzymałość materiałów
655 4 _aPodręczniki akademickie
658 _aInżynieria i technika
700 1 _aNiezgodziński, Tadeusz
_d(1945- )
_eAutor
710 2 _aWydawnictwo Naukowe PWN
_4pbl.
856 _uhttp://koha.tu.koszalin.pl/cgi-bin/koha/opac-detail.pl?biblionumber=33194
_yKatalog online BPK
856 _uhttp://libra.ibuk.pl/book/1889
_yIBUK
942 _2UKD
_cKS
999 _c33194
_d33194